000 00727nam a22002291c 4500
001 a987678453
008 161205s1989 gw |||| 000u ger d
020 _a3525335539
_93-525-33553-9
041 _ager
100 1 _aKocka, Jürgen
_914121
245 0 0 _aGeschichte und Aufklärung :
_bAufsätze /
_cJürgen Kocka
264 _aGöttingen :
_bVandenhoeck & Ruprecht,
_c1989
300 _a198 S.
650 0 _aGeschichtswissenschaft
655 0 _aAufsatzsammlung
_9210
856 4 _uhttp://nbn-resolving.de/urn/resolver.pl?urn=urn:nbn:de:bvb:12-bsb00048256-3
942 _cMG
040 _cRU-10907106
003 RU-10907106
999 _c40231
_d40231
490 0 _aKleine Vandenhoeck-Reihe
_v1541
530 _aAuch als Online Ressource zugänglich